Holomorphic Dynamics

محفوظ في:
التفاصيل البيبلوغرافية
المؤلفون الرئيسيون: Morosawa, Shunsuke (مؤلف), Nishimura, Yasuichiro (مؤلف), Taniguchi, Masahiko (مؤلف), Ueda, Tetsuo (مؤلف)
التنسيق: كتاب
اللغة:الإنجليزية
منشور في: Cambridge Cambridge University Press 2000
سلاسل:Cambridge Studies in Advanced Mathematics, 66
الموضوعات:
الوسوم: إضافة وسم
لا توجد وسوم, كن أول من يضع وسما على هذه التسجيلة!

MARC

LEADER 00000cam a2200000 a 4500
001 UCG7934
003 CL-VaPUC
008 111028e20000000US |||||||||||||||||eng|d
020 |a 0521662583 
082 0 4 |a 519.9  |b MOR  |2 21 
100 0 |a Morosawa, Shunsuke  |e author  |9 558439 
700 0 |a Nishimura, Yasuichiro  |e author  |9 558440 
700 0 |a Taniguchi, Masahiko  |e author  |9 558441 
700 0 |a Ueda, Tetsuo  |e author  |9 558442 
245 1 0 |a Holomorphic Dynamics 
300 |a 338 p 
942 |c BK 
945 |d 20111028 00:00:00  |a dcastane 
260 |a Cambridge  |b Cambridge University Press  |c 2000 
650 0 |a Funciones   |9 263869 
650 0 |a Variables complejas  |9 581247 
583 |a last modification  |c 20111028 11:35:00  |k Rodrigo Vera 
490 0 |a Cambridge Studies in Advanced Mathematics, 66 
999 |c 345622  |d 345620 
952 |0 0  |1 0  |4 0  |6 519_900000000000000_MOR_2000  |7 0  |8 A  |9 444550  |a BIBMAT  |b BIBMAT  |d 2019-11-22  |i 4792858  |o 519.9 MOR 2000  |p 4792858  |r 2025-01-07  |w 2019-11-22  |y BK  |k MAT